00491nam a2200121Ia 4500008004100000245017500041260003900216260000900255300000700264650002600271650001200297856006000309170516s9999 xx 000 0 und d 3aAn innovative approach to investigate the dynamics of the cerebrospinal fluid in the prepontine cistern: A feasibility study using spatial saturation-prepared cine PC-MRI bEuropean Journal of Radiology Open c2014 a1: xRadiologic Technology xRadtech uhttp://www.sciencedirect.com/science/journal/23520477/1